Logo BPK

Bibliografia Prac Pracowników

Politechniki Koszalińskiej

The influence of the composition of Si-Ge mixed crystals on thermal diffusivity - photoacoustic approach / (Rekord nr 67)

Szczegóły MARC
000 -ETYKIETA REKORDU
podpole kontrolne o stałej długości 01413nab a2200229 i 4500
001 - NUMER KONTROLNY REKORDU
podpole kontrolne BPP
003 - IDENTYFIKATOR NUMERU KONTROLNEGO REKORDU
podpole kontrolne BPK
005 - DATA OSTATNIEJ MODYFIKACJI REKORDU
podpole kontrolne 20191005125034.0
008 - POLE O STAŁEJ DŁUGOŚCI - DANE KONTROLNE
podpole kontrolne o stałej długości 151204s2002 NDL n f |000 0eng
040 ## - ŹRÓDŁO KATALOGOWANIA
Instytucja, która utworzyła rekord BPK
041 ## - KOD JĘZYKA
Kod języka tekstu eng
044 ## - KOD KRAJU WYDAWCY/PRODUCENTA
Kod kraju wydawcy/producenta NDL
100 ## - NAZWA OSOBOWA
Nazwa osobowa PATRYN, Aleksy.
Lata pracy 1996 - .
Instytucja Politechnika Koszalińska - Wydział Elektroniki,
Wydział Katedra Elektroniki Ciała Stałego
245 ## - TYTUŁ/ODPOWIEDZIALNOŚĆ
Tytuł The influence of the composition of Si-Ge mixed crystals on thermal diffusivity - photoacoustic approach /
Pozostałe elementy strefy tytułu i oznaczenia odpowiedzialności A. Patrin, N. Abrosimov, M. Maliński, L. Bychto.
260 ## - STREFA ADRESU WYDAWNICZEGO
Data publikacji, dystrybucji/powstania dokumentu 2002.
500 ## - UWAGI OGÓLNE
Tekst uwagi sprawozdanie jednostki (Informator o publikowanych wynikach prac naukowo-badawczych w 2002 roku Wydziału Elektroniki).
520 ## - UWAGA DOTYCZĄCA TREŚCI DOKUMENTU
Analiza dokumentacyjna, adnotacja itp. The paper presents the results of the photoacoustic experiments performed on a series of Si1~(-~(x~(Gex~( samples for x in the range 0-8%. The influence of the alloy composition on the thermal diffusivity and the correlation between the thermal diffusivity and thermal conductivity are presented and discussed.
773 ## - TYTUŁ DOKUMENTU MACIERZYSTEGO
Wyrażenie wprowadzające W :
Tytuł Solar Energy Materials & Solar Cells. -
Informacje dotyczące relacji 2002, Vol. 72, s. 579-587
700 ## - HASŁO DODATKOWE - NAZWA OSOBOWA
Nazwa osobowa BYCHTO, Leszek.
Lata pracy 1996 - .
Instytucja Politechnika Koszalińska - Wydział Elektroniki,
Wydział Katedra Elektroniki Ciała Stałego
700 ## - HASŁO DODATKOWE - NAZWA OSOBOWA
Nazwa osobowa Maliński, Mirosław
Określenie związku między hasłem a opisywanym materiałem Autor
Lata pracy 1996 - .
Instytucja Politechnika Koszalińska - Wydział Elektroniki,
Wydział Katedra Elektroniki Ciała Stałego
942 ## - HASŁO DODATKOWE - ELEMENTY(KOHA)
Typ dokumentu Artykuł
Schemat klasyfikacji Uniwersalna klasyfikacja dziesiętna

Brak dostępnych egzemplarzy.

© 2014 Biblioteka Politechniki Koszalińskiej :: BIBLIOGRAFIA PRAC PRACOWNIKÓW